000 00392nam a2200169Ia 4500
003 STCL
008 181203s9999 xx 000 0 und d
020 _a9789339221836
040 _aSTCL
_bEN
_cSTCL
082 _222
100 _aKazmi, Azhar
245 0 _aStrategic Management
260 _bMcGraw Hill Education
_aChennai
_c2016
300 _a676
546 _aEnglish
942 _2ddc
_cBK
999 _c86620
_d86620